Adoption of Industry 4.0 in Healthcare and Social Services Enterprises in Slovakia

Štvrtá priemyselná revolúcia na čele s Industry 4.0 umožňuje uplatňovať čoraz globalizovanejší prístup, v rámci ktorého môžu digitálne technológie viesť k novým príležitostiam, možno rozvíjať podnikové procesy a do popredia sa môžu dostávať nové formy komunikácie. Ak zavádzanie Industry 4.0 preniká...

ver descrição completa

Na minha lista:
Detalhes bibliográficos
Autor principal: Čambalíková, Andrea, 1990-
Outros Autores: Richnák, Patrik, 1988-
Formato: Capítulo de Livro
Idioma:inglês
Assuntos:
Tags: Adicionar Tag
Sem tags, seja o primeiro a adicionar uma tag!

MARC

LEADER 00000naa a2200000 4500
001 0289765
005 20240521095819.1
041 0 |a eng 
044 |a CZ 
245 1 0 |a Adoption of Industry 4.0 in Healthcare and Social Services Enterprises in Slovakia  |c Andrea Čambalíková, Patrik Richnák 
520 |a Štvrtá priemyselná revolúcia na čele s Industry 4.0 umožňuje uplatňovať čoraz globalizovanejší prístup, v rámci ktorého môžu digitálne technológie viesť k novým príležitostiam, možno rozvíjať podnikové procesy a do popredia sa môžu dostávať nové formy komunikácie. Ak zavádzanie Industry 4.0 preniká do zdravotníctva, tak zdravotnícke systémy zažívajú radikálne zmeny v podobe nových technických špecifikácií. Na základe komparatívnej analýzy teoretických poznatkov sa tento príspevok zaoberá vplyvom Industry 4.0 na zdravotníctvo. Cieľom príspevku bolo poskytnúť zosumarizovaný pohľad na súčasný stav Industry 4.0 so zameraním na 44 podnikov pôsobiacich v zdravotníctve a sociálnych službách na Slovensku. Výsledky dát ukázali, že digitálnu transformáciu využíva 25 % zúčastnených podnikov a technológiu Industry 4.0 - Big Data Analytics využíva 30 % respondentov. 
610 2 0 |a priemysel 4.0 
610 2 0 |a revolúcia priemyselná 
610 2 0 |a transformácia digitálna 
610 2 0 |a zdravotníctvo 
610 2 0 |a služby sociálne 
610 2 0 |a Slovensko 
100 1 |a Čambalíková, Andrea, 1990- 
700 1 |a Richnák, Patrik, 1988-